Factura de Barcelona Fábrica Batlló y Batlló Género 1882
Publicado:
Barcelona :
1882
Descripción Física:
1 p. 30 cm.
Idioma:
Catalán
MARC
| LEADER | 00000nam a22000007a 4500 | ||
|---|---|---|---|
| 001 | 26266 | ||
| 003 | BGR | ||
| 008 | 220715b spa||||| |||| 00| 0 cat d | ||
| 110 | |9 53898 |a Indústria Batlló y Batlló | ||
| 245 | |a Factura de Barcelona Fábrica Batlló y Batlló Género 1882 | ||
| 260 | |c 1882 |a Barcelona | ||
| 300 | |a 1 p. |c 30 cm. | ||
| 650 | 0 | |9 37110 |a Indústria tèxtil | |
| 650 | 0 | |a Recinte de l'Escola Industrial (Barcelona) | |
| 942 | |c ARXIU |2 udc |n 1 | ||
| 952 | |0 0 |1 0 |4 0 |6 RF1749 |7 1 |9 62798 |a Arxiu |b Arxiu |d 2020-10-28 |l 0 |o RF-17-49 |p 26266 |r 2022-07-15 00:00:00 |w 2022-07-15 |y ARXIU | ||
| 999 | |c 82288 |d 82288 | ||